000 00819nam a22002537a 4500
001 BR7704954
003 BR-BrBNA
005 20230928085420.0
007 ta
008 230509b bl.||||| |||| 00| 0 por d
040 _aBR-BrBNA
_bpor
_cBiblioteca Nacional de Agricultura
041 _a(Por)
072 _aF25
_b3840
_b/G514
090 _ 3840 BR7704954
110 1 _aCompanhia Agropecuaria de Fomento Economico do Parana, Curitiba (Brasil)
_92271
245 1 _aEstudo do calcario agricola do Estado do Parana [Brasil]
_bVersao preliminar
260 3 _aCuritiba, PR (Brasil):
_c1977.
300 _a159 p.
500 _a(*) Documento disponível no(a) Biblioteca Estadual da Agricultura, Curitiba, PR (Brazil)
650 _aCALCARIO
650 _aPARANA
909 _a202309
_bLucia
_c55
_dLucia Elande
942 _cBK
999 _c24306
_d24306